| 000 | 00000nam 2200000zi 4500 |
| 001 | 9.941264 |
| 003 | CaOODSP |
| 005 | 20250109083256 |
| 006 | m o d f |
| 007 | cr c|||||||||| |
| 008 | 240730t20242024onco o f000 0 cre d |
| 020 | |a9780660729749 |
| 040 | |aCaOODSP|beng|erda|cCaOODSP |
| 043 | |an-cn--- |
| 086 | 1 |aH164-257/1-2019Cre5-1-PDF |
| 245 | 00|a[Canada's food guide] : |b[eat well. Live well]. |
| 264 | 1|a[Ottawa] : |bHealth Canada = Santé Canada, |c[2024] |
| 264 | 4|c©2024 |
| 300 | |a1 online resource (2 unnumbered pages) : |bcolour photographs |
| 336 | |atext|btxt|2rdacontent |
| 337 | |acomputer|bc|2rdamedia |
| 338 | |aonline resource|bcr|2rdacarrier |
| 500 | |aEnglish title supplied by the publisher. |
| 546 | |aText in Eastern James Bay Cree (Northern). |
| 650 | 0|aDiet|zCanada. |
| 650 | 0|aNutrition|zCanada. |
| 710 | 1 |aCanada. |bHealth Canada, |eissuing body. |
| 775 | 08|tCanada's food guide : |w(CaOODSP)9.865411 |
| 776 | 0#|t[Canada's food guide] : |w(CaOODSP)9.941268 |
| 788 | |t[Guide alimentaire canadien] : |efre|w(CaOODSP)9.941265 |
| 856 | 40|qPDF|s812 KB|uhttps://publications.gc.ca/collections/collection_2025/sc-hc/H164-257-1-2019-5-cre.pdf |
| 856 | 4 |qHTML|sN/A|uhttps://www.canada.ca/en/health-canada/services/canada-food-guide/resources/snapshot/languages/eastern-james-bay-cree-northern.html |